PRINCIPLES OF SOIL CHEMISTRY (Record no. 13424)

MARC details
000 -LEADER
fixed length control field 00449nam a22001817a 4500
003 - CONTROL NUMBER IDENTIFIER
control field OSt
005 - DATE AND TIME OF LATEST TRANSACTION
control field 20211019153737.0
008 - FIXED-LENGTH DATA ELEMENTS--GENERAL INFORMATION
fixed length control field 211019b |||||||| |||| 00| 0 eng d
020 ## - INTERNATIONAL STANDARD BOOK NUMBER
International Standard Book Number 082478989-X
040 ## - CATALOGING SOURCE
Transcribing agency HAWASSA UNIVERSITY
050 ## - LIBRARY OF CONGRESS CALL NUMBER
Classification number 631.41/TAN
Item number 4
082 ## - DEWEY DECIMAL CLASSIFICATION NUMBER
Edition number 2nd
Classification number 631.41/TAN
Item number 4
100 ## - MAIN ENTRY--PERSONAL NAME
Personal name TAN KIM H.
9 (RLIN) 11500
245 ## - TITLE STATEMENT
Title PRINCIPLES OF SOIL CHEMISTRY
260 ## - PUBLICATION, DISTRIBUTION, ETC.
Place of publication, distribution, etc. INC
Name of publisher, distributor, etc. NEW YORK
Date of publication, distribution, etc. 1993
300 ## - PHYSICAL DESCRIPTION
Extent xv/362
942 ## - ADDED ENTRY ELEMENTS (KOHA)
Source of classification or shelving scheme Dewey Decimal Classification
Koha item type Books like text book referance book
Suppress in OPAC No
Holdings
Withdrawn status Lost status Source of classification or shelving scheme Damaged status Not for loan Home library Current library Date acquired Total Checkouts Full call number Barcode Date last seen Copy number Price effective from Koha item type
    Dewey Decimal Classification     College of Agriculture Library College of Agriculture Library 10/19/2021   631.41/TAN ALIB000600 10/19/2021 2 10/19/2021 Books like text book referance book
    Dewey Decimal Classification     College of Agriculture Library College of Agriculture Library 10/19/2021   631.41/TAN ALIB0001201 10/19/2021 3 10/19/2021 Books like text book referance book
    Dewey Decimal Classification     College of Agriculture Library College of Agriculture Library 10/19/2021   631.41/TAN ALIB0001202 10/19/2021 5 10/19/2021 Books like text book referance book
    Dewey Decimal Classification     College of Agriculture Library College of Agriculture Library 10/19/2021   631.41/TAN ALIB0001203 10/19/2021 6 10/19/2021 Books like text book referance book